[Event "Troisdorf op"]
[Site "Troisdorf"]
[Date "2005.11.29"]
[Round "6.25"]
[White "Van Eckeren, Andreas"]
[Black "Raupach, Birgit"]
[Result "1-0"]
[WhiteElo "1223"]
[BlackElo "1093"]
[PlyCount "37"]
[EventDate "2005.10.18"]
[EventType "swiss"]
[EventRounds "7"]
[EventCountry "GER"]
[SourceTitle "EXT 2006"]
[Source "ChessBase"]
[SourceDate "2005.11.24"]
[SourceVersion "1"]
[SourceVersionDate "2005.11.24"]
[SourceQuality "1"]

1. e4 e5 2. f4 Nc6 3. Nf3 Bc5 4. c3 Nf6 5. d4 Bb6 6. fxe5 Nxe4 7. Bd3 f5 8. exf6 Qxf6 9. Bxe4 Ne7 10. 0-0 d5 11. Bd3 0-0 12. Bxh7+ Kh8 13. Bd3 Bg4 14. Bg5 Qd6 15. Nbd2 Nf5 16. Bxf5 Bxf5 17. Ne5 c5 18. Qh5+ Bh7 19. Nf7+ 1-0